000 00307nam a2200133 i 4500
001 bg
100 1 _aPOPKO, Henryk
245 0 _aHomogenizacja i homogenizatory /
_cHenryk Popko.
260 _aLublin,
_c1981.
040 _cBPK
041 _apol
942 _cKS
008 s pl f |000 0 pol
999 _c20958
_d20958
856 _uhttp://koha.tu.koszalin.pl/cgi-bin/koha/opac-detail.pl?biblionumber=20958
_yKatalog online BPK